00426 2200145 4500245007000000020002200070100001600092650004200108005001900150260003600169041001400205084001000219490004200229336000900271 aKamus Lengkap Flora - Fauna Indonesia Volume 2cBudi SuhonohText a978-602-7943-16-2 aBudi Suhono aKamus Lengkap Flora - Fauna Indonesia a20231108141441 aJakartabPT Kharisma Ilmuc2013 aIndonesia a580.3 aKamus Lengkap Flora - Fauna Indonesia atext